Statistics for Grozny Airport Destinations (Grozny, Russia)

Click here to take the quiz!

General Stats

  • This quiz has been taken 12 times
  • The average score is 10 of 14

Answer Stats

AirlineDestination% Correct
S7 Airlines/Ural AirlinesMoscow (Domodedovo)
100%
AeroflotMoscow (Sheremetyevo)
100%
UtairMoscow (Vnukovo)
100%
Rossiya AirlinesSaint Petersburg
90%
UtairIstanbul
80%
Uzbekistan AirlinesTashkent
80%
UtairBaku
70%
UtairDubai (Al Maktoum)
70%
Nordwind Airlines/UVT AeroKazan
70%
S7 AirlinesNovosibirsk
70%
Avia Traffic Company/Ural AirlinesBishkek
60%
UtairUfa
60%
UVT AeroSaratov
40%
Red Wings Airlines/UtairAntalya
30%

Score Distribution

Percentile by Number Answered

Percent of People with Each Score

Your Score History

You have not taken this quiz